Statistics for Mystery Country #3

Click here to take the quiz!

General Stats

  • This quiz has been taken 278 times
  • The average score is 14 of 17

Answer Stats

QuestionClues% Correct
2. What U.S. state has the smallest land area?
100%
1. What country has the longest coastline?The Mystery Country is not in Europe
99%
3. What is the largest landlocked country in Africa?
95%
The Mystery Country is not in South America
93%
4. What language does the word tsunami come from?
92%
5. What European country has 227 inhabited islands?
90%
6. What was the capital of West Germany?
88%
The Mystery Country has no official languages
87%
The Mystery Country has the color blue on its flag
87%
In the Mystery Country you should drive on the left side of the road
85%
7. By surface area, what is the largest of Africa's great lakes?
81%
8. What island in the Caribbean is divided between France and the Netherlands?
75%
In the Mystery Country the majority of people is christian
74%
The Mystery Country flag has the color black on it
73%
The Mystery Country is:
55%
The Mystery Country is home to the highest mountain of its continent
55%
Tanzania
42%

Score Distribution

Percentile by Number Answered

Percent of People with Each Score

Your Score History

You have not taken this quiz